Giáo trình giáo dục quốc phòng - an ninh : (Dùng cho sinh viên các trường đại học, cao đẳng)

Nội dung tài liệu hướng dẫn sử dụng bản đồ quan sự, giới thiệu một số loại vũ khí bộ binh, thuốc nổ...

Gorde:
Xehetasun bibliografikoak
Formatua: Liburua
Hizkuntza:Undetermined
Argitaratua: Hà Nội Giáo dục 2016
Gaiak:
Etiketak: Etiketa erantsi
Etiketarik gabe, Izan zaitez lehena erregistro honi etiketa jartzen!
Thư viện lưu trữ: Trung tâm Học liệu Trường Đại học Cần Thơ
LEADER 01093nam a2200229Ia 4500
001 CTU_212743
008 210402s9999 xx 000 0 und d
020 |c 28000 
082 |a 355.5071 
082 |b Gi108/T.2 
245 0 |a Giáo trình giáo dục quốc phòng - an ninh : 
245 0 |b (Dùng cho sinh viên các trường đại học, cao đẳng) 
245 0 |c Nguyễn Đức Đăng ... [et al.] 
260 |a Hà Nội 
260 |b Giáo dục 
260 |c 2016 
520 |a Nội dung tài liệu hướng dẫn sử dụng bản đồ quan sự, giới thiệu một số loại vũ khí bộ binh, thuốc nổ... 
526 |a Giáo dục quốc phòng và An ninh 3 (*),Giáo dục quốc phòng và An ninh 1 (*),Giáo dục quốc phòng và An ninh 2 (*),Giáo dục quốc phòng và An ninh 4 (*) 
526 |b QP008,QP006,QP007,QP009 
650 |a Military art and science,Giáo dục quốc phòng 
904 |i Bằng 
980 |a Trung tâm Học liệu Trường Đại học Cần Thơ